Euskadi 5: Adivina la persona - Estadísticas

Estadísticas generales
  • Esta prueba ha sido intentada 57 veces
  • La puntuación promedio es 5 de 20
Estadísticas de respuestas
Hint Respuesta % Correcto
Nacido en Beasain en 1948. Cocinero, presentador de televisión y empresario. Posee un restaurante en Zarautz. Autor de múltiples libros de recetas. Fue dueño de un equipo de motociclismo. Karlos Arguiñano
98%
Nacido en Getaria hacia 1486 y fallecido en la mar en 1526. Marino. Primera persona en dar la vuelta al mundo. Juan Sebastián Elcano
65%
Nacida en Bilbao en 1930 y fallecida en 2013. Actriz, especialmente conocida por su papel en las series de televisión "Aquí no hay quien viva" y "La que se avecina". Mariví Bilbao
48%
Nacido en Azpeitia en 1491 y fallecido en Roma en 1556. Soldado y sacerdote. Fundador de la Compañía de Jesús. Canonizado en 1622. Patrón de Bizkaia y de Gipuzkoa. San Ignacio de Loyola
46%
Nacida en Elorrio en 1969. Presentadora de televisión y actriz. Habitual presentadora de programas de crónica rosa, campanadas de fin de año y Eurovisión. Premio Antena de Oro de televisión y Premio Ondas. Anne Igartiburu
44%
Nacida en Gallarta en 1895 y fallecida en Madrid en 1989. Política, dirigente del Partido Comunista, exiliada en Rusia y diputada. Dolores Ibárruri, "La Pasionaria"
44%
Nacido en Bilbao en 1864 y fallecido en Salamanca en 1936. Escritor y filósofo de la generación del 98. Rector de la Universidad de Salamanca. Desterrado por Primo de Rivera. Diputado en la Segunda República. Miguel de Unamuno
41%
Nacida en Tolosa en 1964. Cantante con tesitura de soprano. Entre su repertorio, destacan obras de Mozart, Puccini y Verdi. Distinción Lan Onari del Gobierno Vasco y Medalla de Oro al mérito en las Bellas Artes de España. Ainhoa Arteta
39%
Nacida en Donostia en 1969. Escritora de novela negra, conocida por la Trilogía del Baztán. Premio Príncipe de Viana de la Cultura en 2023. Dolores Redondo
20%
Nacido en Durango en 1943 y fallecido en Bilbao en 2014. Doctor en Medicina, radiólogo, profesor universitario, director del Hospital de Cruces y de Osakidetza, Consejero de Sanidad y elegido cuatro veces Alcalde de Bilbao. Iñaki Azkuna
20%
Nacida hacia 1270 y fallecida en 1342. Décima señora de Vizcaya. Hija de Lope Díaz III de Haro y fundadora de Portugalete. María Díaz de Haro
20%
Nacido en Zumarraga en 1963. Doctor en Ciencias Químicas. Ha sido eurodiputado, Consejero de Industria del Gobierno Vasco, Presidente del PNV, Presidente de Petronor y Consejero Delegado de Repsol. Josu Jon Imaz
17%
Nacida en Irún en 1919 y fallecida en Donostia en 2008. Pintora que cultivó especialmente el paisaje y el retrato. Primera mujer galardonada con el Premio Nacional de Pintura, en 1959. Carmen Gal ("Menchu")
9%
Nacida en Donostia en 1962. Doctora en Biología. Ministra de Ciencia e Innovación. Ha sido Consejera de Everis, ESADE, Gas Natural Fenosa y Caixabank. Presidenta de la Fundación COTEC y de Mediaset. Cristina Garmendia
7%
Nacido en Bilbao en 1954. Economista. Ha sido Consejero Delegado del BBVA, presidente de BFA y Bankia y Presidente Ejecutivo de Caixabank. José Ignacio Goirigolzarri
7%
Nacido en Villafranca de Ordizia en 1508 y fallecido en Ciudad de México en 1568. Militar, cosmógrafo, marino, explorador y religioso agustino. Descubrió la ruta desde Filipinas a Acapulco, conocida como "tornaviaje". Andrés de Urdaneta
6%
Nacido en Bilbao en 1927 y fallecido en 2007. Capitán de la marina mercante. Ejerció cargos directivos en Comercial de Naviera Vizcaína, Naviera Química, Elcano, Transmediterránea, Empetrol o Petronor. Consejero de Industria, Energía y Pesca, así como de Transportes, Comunicaciones y Asuntos Marítimos. Alcalde de Bilbao durante las inundaciones de 1983. José Luis Robles
4%
Nacida en Vitoria-Gasteiz en 1881 y fallecida en Mar del Plata en 1948. Pedagoga, maestra de escuela y profesora universitaria. Creó la Residencia de Señoritas. Activista feminista. Miembro de la Asamblea Nacional Consultiva de Primo de Rivera. Exiliada en Argentina al estallar la Guerra Civil. María de Maeztu
4%
Nacido en Bilbao en 1888 y fallecido en 1977. Ingeniero industrial y naval, profesor universitario y empresario. Director General de Babcock & Wilcox, creador de Labein y Tubos Reunidos. Consejero de SEAT, General Electric y Banco de Vizcaya. Director de la Escuela de Ingeniería de Bilbao. Procurador sindical. Leandro José de Torrontegui
2%
Nacida en Vitoria-Gasteiz en 1842 y fallecida en Bilbao en 1912. Religiosa, fundadora del Instituto de las Siervas de Jesús de la Caridad, dedicada a la asistencia a enfermos, niños y ancianos. Declarada santa por la Iglesia Católica en el año 2000. Santa María Josefa Sancho de Guerra
2%
No se encontraron pruebas coincidentes
Distribución de puntuación
Porcentaje de gente con cada puntuación
Porcentaje por número respondido
Historial de tus puntuaciones
No has intentado esta prueba.